On Theology: Herman Bavinck's Academic Orations /
On Theology: Herman Bavinck's Academic Orations presents four previously untranslated works by Herman Bavinck (1854-1921). These works offer important insights into Bavinck's conceptualisation of the discipline of theology, its place in the modern university, and the relation in which theo...
مؤلفون آخرون:
التنسيق: كتاب الكتروني
اللغة: English
منشور في:
Leiden; Boston :
BRILL,
2021.
الموضوعات:
الوصول للمادة أونلاين: Login to view Source
الوسوم: إضافة وسم
رقم الطلب: BT83.85
| LEADER | 02295nam a22004211i 4500 | ||
|---|---|---|---|
| 001 | BRILL9789004442016 | ||
| 003 | nllekb | ||
| 005 | 20210602095944.0 | ||
| 006 | m d | ||
| 007 | cr un uuuua | ||
| 008 | 200813s2021 ne sb 001 0 eng d | ||
| 020 | |a 9789004442016 |q (electronic book) | ||
| 020 | |a 9789004442009 |q (print) | ||
| 024 | 7 | |a 10.1163/9789004442016 |2 DOI | |
| 035 | |z (OCoLC)1178901565 | ||
| 040 | |a NL-LeKB |c NL-LeKB |e rda | ||
| 050 | 4 | |a BT83.85 | |
| 072 | 7 | |a HRCC93 |2 bicssc | |
| 072 | 7 | |a REL |x 093000 |2 bisacsh | |
| 072 | 7 | |a REL |x 097000 |2 bisacsh | |
| 082 | 0 | 4 | |a 261.2 |2 23 |
| 245 | 0 | 0 | |a On Theology: Herman Bavinck's Academic Orations / |c edited by Bruce R. Pass. |
| 264 | 1 | |a Leiden; |a Boston : |b BRILL, |c 2021. | |
| 300 | |a 1 online resource | ||
| 336 | |a text |b txt |2 rdacontent | ||
| 337 | |a computer |b c |2 rdamedia | ||
| 338 | |a online resource |2 rdacarrier | ||
| 504 | |a Includes bibliographical references and index. | ||
| 505 | 0 | |a Contents -- Preface -- Introduction -- The Science of Holy Theology (1883) -- The Teaching Office (1899) -- Religion and Theology (1902) -- Modernism and Orthodoxy (1911) -- Index. | |
| 520 | |a On Theology: Herman Bavinck's Academic Orations presents four previously untranslated works by Herman Bavinck (1854-1921). These works offer important insights into Bavinck's conceptualisation of the discipline of theology, its place in the modern university, and the relation in which theology stands to religion. In the introductory essay, Bruce R. Pass draws attention to the way these speeches shed light on the development of Bavinck's thought across his tenure at the Kampen Theological School and the Free University of Amsterdam as well as the complex relationship in which Bavinck's thought stands to that of Friedrich Schleiermacher. | ||
| 588 | |a Description based on print version record. | ||
| 650 | 0 | |a Theology of religions (Christian theology) | |
| 700 | 1 | |a Pass, Bruce R., |e editor. | |
| 776 | 0 | 8 | |i Print version: |t On Theology: Herman Bavinck's Academic Orations, |d Leiden ; Boston : BRILL, 2021 |z 9789004442009 |
| 856 | 4 | |z DOI: |u http://dx.doi.org/10.1163/9789004442016 | |
| 942 | |c EBOOK | ||
| 952 | |0 0 |1 0 |4 0 |7 1 |9 13640 |a BRILL |b BRILL |d 2021-06-02 |l 0 |r 2021-06-02 00:00:00 |w 2021-06-02 |y EBOOK | ||
| 999 | |c 35092 |d 35092 | ||
